[Event "PRAGUE OPEN 2019 - A - IM open"]
[Site "Praha, Olympik hotel"]
[Date "2019.01.12"]
[Round "2"]
[White "Spiess, Gunter"]
[Black "Barrish, Daniel"]
[Result "1/2-1/2"]
[BlackElo "2166"]
[WhiteElo "2414"]
[LiveChessVersion "1.4.8"]

1. Nf3  d5  2. d4  Nf6
 3. c4  e6  4. g3
 Bb4+  5. Bd2  Bd6
 6. Bg2  c6  7. O-O
 O-O  8. b3  Ne4 
9. Bc1  Qe7  10. Bb2  Nd7
 11. Qc2  f5  12. Ne5
 Nxe5  13. dxe5  Bc5
 14. e3  b5  15. Rc1
 bxc4  16. bxc4  Rb8
 17. Nc3  Ba6  18. Bf1
 Nxc3  19. Bxc3  dxc4
 20. Rd1  Rfd8  21. Bd4
 Bxd4  22. exd4  c5
 23. Bxc4  Bxc4  24. Qxc4
 cxd4  25. Rxd4  Rxd4
 26. Qxd4  Rd8  27. Qc3
 1/2-1/2

[Event "PRAGUE OPEN 2019 - A - IM open"]
[Site "Praha, Olympik hotel"]
[Date "2019.01.12"]
[Round "2"]
[White "Schmid, Thomas"]
[Black "Kacharava, Nikolozi"]
[Result "0-1"]
[BlackElo "2397"]
[WhiteElo "2167"]
[LiveChessVersion "1.4.8"]

1. e4  d6  2. d4  Nf6
 3. Nc3  e5  4. Nf3
 Nbd7  5. Bc4  Be7
 6. a4  O-O  7. O-O
 a5  8. Re1  c6 
9. Bb3  exd4  10. Qxd4  Nc5
 11. Ba2  Be6  12. Bxe6
 Nxe6  13. Qd3  Ng4
 14. h3  Ne5  15. Qe2
 Bf6  16. Ra3  Re8
 17. Be3  d5  18. exd5
 Nf4  19. Qd1  Nc4
 20. Rb3  Nxb2  21. Qb1
 Bxc3  22. Rxc3  Nxa4
 23. Ra3  Nxd5  24. Rxa4
 Nc3  25. Qa1  Nxa4
 26. Qxa4  b5  27. Qg4
 Qf6  28. Nd4  Rad8
 29. c3  b4  30. cxb4
 Rxd4  31. Bxd4  Rxe1+
 32. Kh2  Qd6+  33. g3
 f6  34. Bc5  Qd5
 0-1

[Event "PRAGUE OPEN 2019 - A - IM open"]
[Site "Praha, Olympik hotel"]
[Date "2019.01.12"]
[Round "2"]
[White "Roeder, Matthias"]
[Black "Laverton, Christian"]
[Result "1/2-1/2"]
[BlackElo "2147"]
[WhiteElo "2396"]
[LiveChessVersion "1.4.8"]

1. Nf3  d5  2. g3  Nf6
 3. Bg2  c6  4. O-O
 Bf5  5. d3  e6 
6. b3  Bd6  7. Bb2  O-O
 8. Nbd2  h6  9. Qe1
 Bh7  10. e4  Be7
 11. Qe2  a5  12. a3
 Na6  13. e5  Nd7
 14. Ne1  Qb6  15. a4
 Nb4  16. Kh1  c5
 17. f4  Qa6  18. h4
 Rad8  19. Rf3  d4
 20. Bh3  Qc6  21. Kh2
 Nb6  22. Nc4  Nxc4
 23. bxc4  Rde8  24. c3
 dxc3  25. Bxc3  Rd8
 26. f5  exf5  27. Bxf5
 1/2-1/2

[Event "PRAGUE OPEN 2019 - A - IM open"]
[Site "Praha, Olympik hotel"]
[Date "2019.01.12"]
[Round "2"]
[White "Pniaczek, Marek"]
[Black "Krivonosov, Oleg"]
[Result "0-1"]
[BlackElo "2390"]
[WhiteElo "2146"]
[LiveChessVersion "1.4.8"]

1. e4  e5  2. Nf3  Nc6
 3. d4  exd4  4. Nxd4
 Bc5  5. Nb3  Bb6
 6. Nc3  Nf6  7. Qe2
 d6  8. Be3  Be6 
9. O-O-O  Qe7  10. g3  O-O-O
 11. Bg2  Kb8  12. Rhe1
 Rhe8  13. Kb1  Qf8
 14. Bxb6  axb6  15. Nd4
 Bd7  16. Qf1  Nxd4
 17. Rxd4  Bc6  18. b4
 g5  19. b5  Bd7 
20. f4 gxf4  21. gxf4  d5  22. e5
 Ne4  23. Bxe4  dxe4
 24. Red1  Bg4  25. Rxd8+
 Rxd8  26. Rxd8+  Qxd8
 27. Nxe4  Qd4  28. Qe1
 h6  29. Ng3  Qxf4
 30. Kb2  Qc4  31. Qe3
 Qxb5+  32. Kc1  Qc6
 33. Qd4  Be6  34. Qd8+
 Ka7  35. Qe7  Qc3
 36. Kb1  Qe1+  37. Kb2
 Qxe5+  38. c3  Qb5+
 0-1

[Event "PRAGUE OPEN 2019 - A - IM open"]
[Site "Praha, Olympik hotel"]
[Date "2019.01.12"]
[Round "2"]
[White "Zhang, Ziji"]
[Black "Riha, Vojtech"]
[Result "1-0"]
[BlackElo "2145"]
[WhiteElo "2387"]
[LiveChessVersion "1.4.8"]

1. d4  Nf6  2. c4  g6
 3. Nc3  Bg7  4. Nf3
 O-O  5. g3  d6 
6. Bg2  c6  7. O-O  Qa5
 8. e4  Qh5  9. Ng5
 e5  10. Qxh5  Nxh5
 11. d5  h6  12. Nf3
 f5  13. Nh4  Kh7
 14. exf5  gxf5  15. Rd1
 e4  16. f3  Be5 
17. fxe4  f4  18. Bf3  Ng7
 19. Ne2  fxg3  20. hxg3
 c5  21. Kg2  Nd7
 22. Rh1  Nb6  23. g4
 Nxc4  24. Nf5  h5
 25. Nf4  Bxf5  26. gxf5
 Nxb2  27. Rb1  Nc4
 28. Rxb7  Rab8  29. Bxh5
 Rxb7  30. Bf7+  Nh5
 31. Rxh5+  Kg7  32. Ne6+
 Kxf7  33. Rh7+  Kg8
 34. Rxb7  Ra8  35. Bg5
 Na5  36. Rc7  Rb8
 37. f6  Rb2+  38. Kf3 1-0

[Event "PRAGUE OPEN 2019 - A - IM open"]
[Site "Praha, Olympik hotel"]
[Date "2019.01.12"]
[Round "2"]
[White "Petersen, Peter Birk"]
[Black "Low, Zhen Yu Cyrus"]
[Result "0-1"]
[BlackElo "2385"]
[WhiteElo "2144"]
[LiveChessVersion "1.4.8"]

1. e4  c5  2. Nf3  Nc6
 3. d4  cxd4  4. Nxd4
 Nf6  5. Nc3  d6 
6. Bc4  Bd7  7. Bb3  g6
 8. Be3  Ng4  9. Nxc6
 bxc6  10. Qf3  Nf6
 11. h3  Bg7  12. Rd1
 O-O  13. O-O  Qc7
 14. Qe2  Rab8  15. Rfe1
 Rfd8  16. Bf4  e5
 17. Bg5  Be6  18. Rd3
 h6  19. Bxf6  Bxf6
 20. Bxe6  fxe6  21. Qg4
 Kg7  22. b3  Qe7
 23. Rg3  Qf7  24. Qe2
 Kh7  25. Rd1  Rd7
 26. Na4  Bg7  27. Rgd3
 Bf8  28. Nc5  Rdd8
 29. Rf3  Qe7  30. Nd3
 Bg7  31. Ne1  d5
 32. Rfd3  Bf6  33. Nf3
 Rd7  34. Rc3  Rc7
 35. g3  Qd6  36. h4
 Rf8  37. Kg2  Rcf7
 38. Rf1  Bg7  39. Re3
 Re8  40. Rd3  Qa3
 41. c3  Ref8  42. Nh2
 a5  43. Rf3  a4 
44. Rxf7  Rxf7  45. Qc2  axb3
 46. axb3  d4  47. Nf3
 Qc5  48. c4  Qa3
 49. Rb1  Ra7  50. Ne1
 Qf8  51. b4  Qa8
 52. Nd3  Ra3  53. Rb3
 Ra2  54. Rb2  Ra3
 55. Rb3  Ra1  56. Rb1
 Ra2  57. Rb2  Ra7
 58. Nc5  Bf8  59. Nd3
 Ra3  60. Nxe5  c5
 61. Qe2  cxb4  62. Rd2
 Bg7  63. Nd3  b3
 64. f3  Ra2  65. e5
 Rxd2  66. Qxd2  Qa2
 0-1

[Event "PRAGUE OPEN 2019 - A - IM open"]
[Site "Praha, Olympik hotel"]
[Date "2019.01.12"]
[Round "2"]
[White "Vokac, Marek"]
[Black "Haase, Pavel"]
[Result "0-1"]
[BlackElo "2141"]
[WhiteElo "2380"]
[LiveChessVersion "1.4.8"]

1. Nf3  Nf6  2. b3  c5
 3. Bb2  d5  4. e3
 Nc6  5. Bb5  e6 
6. Ne5  Bd7  7. Bxc6  Bxc6
 8. O-O  Bd6  9. f4
 Rc8  10. d3  b5 
11. Nd2  Ba8  12. a4  c4
 13. Bd4  cxd3  14. cxd3
 bxa4  15. Rxa4  a5
 16. Ndf3  O-O  17. Qa1
 Bb4  18. Ra2  Ne8
 19. Rc1  f6  20. Ng4
 Nd6  21. Rac2  Rxc2
 22. Rxc2  Nb5  23. Bc5
 Bxc5  24. Rxc5  Qb6
 25. d4  Bc6  26. Nf2
 Ra8  27. Rc2  a4
 28. bxa4  Nd6  29. Ra2
 Qb3  30. a5  Qxe3
 31. Ra3  Qxf4  32. a6
 Nc4  33. Rb3  Rxa6
 34. Qxa6  Qc1+  35. Nd1
 Qxd1+  36. Kf2  Qxb3
 37. Qxc6  Qb2+  38. Kg3
 Qb8+  39. Kh3  Nd6
 40. Qd7  Ne4  41. Qxe6+
 Kf8  42. g3  Qb5
 43. Kh4  g6  44. g4
 Qe2  45. Qc8+  Kg7
 46. Qc7+  Kh6  47. Ng1
 Qf2+  48. Kh3  Qf1+
 0-1

[Event "PRAGUE OPEN 2019 - A - IM open"]
[Site "Praha, Olympik hotel"]
[Date "2019.01.12"]
[Round "2"]
[White "Burnett, Andrew"]
[Black "Gschnitzer, Oswald"]
[Result "1/2-1/2"]
[BlackElo "2370"]
[WhiteElo "2140"]
[LiveChessVersion "1.4.8"]

1. d4  Nf6  2. Nf3  c5
 3. d5  g6  4. Nc3
 d6  5. e4  Bg7 
6. Bb5+  Nfd7  7. a4  Na6
 8. O-O  Nc7  9. Be2
 O-O  10. Re1  a6
 11. Bf4  Rb8  12. Qd2
 b5  13. axb5  axb5
 14. Bh6  b4  15. Bxg7
 Kxg7  16. Nd1  Nf6
 17. Bc4  e5  18. dxe6
 Bxe6  19. Bxe6  Nxe6
 20. e5  dxe5  21. Qxd8
 Rfxd8  22. Nxe5  Ra8
 23. Ne3  Nd4  24. Kf1
 Ne4  25. f3  Nd6
 26. Nd3  Rxa1  27. Rxa1
 N6f5  28. Nxf5+  Nxf5
 29. Re1  b3  30. Nxc5
 bxc2  31. Nb3  Rb8
 32. Nc1  Rxb2  33. Ke2
 Rb7  34. Kd3  Rc7
 35. Re2  Kf6  36. f4
 Rd7+  37. Kc3  Rd1
 38. Kxc2  Rh1  39. Kd2
 Rxh2  40. g4  Nd4
 41. Rxh2  Nf3+  42. Ke3
 Nxh2  43. g5+  Kf5
 44. Ne2  Kg4  45. Ke4
 Nf3  46. Nc3  Nd2+
 47. Ke5  Nc4+  48. Ke4
 Nb6  49. Nd1  Nc4
 50. Nc3  Nd6+  51. Ke5
 Nf5  52. Nd5  h5
 53. gxh6  Nxh6  54. Kf6
 Kf3  55. Ne7  Kxf4
 56. Nxg6+  fxg6  57. Kxg6
 1/2-1/2

[Event "PRAGUE OPEN 2019 - A - IM open"]
[Site "Praha, Olympik hotel"]
[Date "2019.01.12"]
[Round "2"]
[White "Michalczak, Thomas"]
[Black "Lin, Yi"]
[Result "0-1"]
[BlackElo "2359"]
[WhiteElo "2139"]
[LiveChessVersion "1.4.8"]

1. d4  Nf6  2. c4  g6
 3. Nc3  d5  4. cxd5
 Nxd5  5. e4  Nxc3
 6. bxc3  Bg7  7. Bc4
 c5  8. Ne2  O-O 
9. O-O  Qa5  10. Be3  Nd7
 11. dxc5  Nxc5  12. f3
 Rd8  13. Qc2  Be6
 14. Bxe6  Nxe6  15. Rab1
 b6  16. Rfd1  Rac8
 17. c4  Qa6  18. Rxd8+
 Rxd8  19. Rb5  Rc8
 20. a4  Nc7  21. Rb1
 Ne8  22. c5  bxc5
 23. Bxc5  Nd6  24. Kf1
 Qc6  25. Rc1  Nb7
 0-1

[Event "PRAGUE OPEN 2019 - A - IM open"]
[Site "Praha, Olympik hotel"]
[Date "2019.01.12"]
[Round "2"]
[White "Vojta, Tomas"]
[Black "Lys, Josef"]
[Result "1/2-1/2"]
[BlackElo "2134"]
[WhiteElo "2351"]
[LiveChessVersion "1.4.8"]

1. e4  c5  2. f4  d5
 3. exd5  Nf6  4. Nf3
 Nxd5  5. Nc3  Nxc3
 6. bxc3  g6  7. Ne5
 Bg7  8. Bc4  e6 
9. O-O  O-O  10. Qe2  Qc7
 11. d4  Nc6  12. Be3
 b6  13. Rad1  Bb7
 14. Nxc6  Bxc6  15. dxc5
 bxc5  16. Qf2  Rfc8
 17. Ba6  Bb7  18. Bxb7
 Qxb7  19. Bxc5  Bxc3
 20. Rd3  Bf6  21. Rfd1
 Qc7  22. Bd4  Bxd4
 23. Rxd4  Qb6  24. h3
 Rc6  25. Kh2  Rac8
 26. Qh4  Rf8  27. c4
 Qc5  28. Qf6  Qf5
 29. Qe7  Qc5  30. Qh4
 Qf5  31. R1d2  Rcc8
 32. Rb2  a5 33. a4  Qc5
 34. Qf6  Qf5  35. Qxf5
 gxf5  36. Rb5  Rc7
 37. c5  Ra8  38. Kg3
 f6  39. Rd6  Kf7
 40. Kf3  Re7  41. Ke3
 e5  42. Rbb6  exf4+
 43. Kxf4  Re4+  44. Kxf5
 Re5+  45. Kf4  Rxc5
 46. Rxf6+  Kg7  47. Rbc6
 Rd5  48. Rfd6  Rf8+
 49. Ke4  Rg5  50. Rc7+
 Kg8  51. g4  h5 
52. Rd5  Rxd5  53. Kxd5  Rf3
 54. Ke4  Rxh3  55. g5
 h4  56. Kf5  Rd3
 57. Kg6  Rd6+  58. Kh5
 h3  59. Rc2  Kg7
 60. Rb2  Rc6  61. Rd2
 1/2-1/2

[Event "PRAGUE OPEN 2019 - A - IM open"]
[Site "Praha, Olympik hotel"]
[Date "2019.01.12"]
[Round "2"]
[White "Shyam, Prasad Reddy K."]
[Black "Schmidt-Schaeffer, Sebastian"]
[Result "1/2-1/2"]
[BlackElo "2350"]
[WhiteElo "2137"]
[LiveChessVersion "1.4.8"]

1. e4  d6  2. d4  Nf6
 3. Nc3  e5  4. Nf3
 Nbd7  5. Bc4  Be7
 6. a4  O-O  7. O-O
 a5  8. h3  c6 
9. Re1  Qc7  10. d5  Nb6
 11. Ba2  Bd7  12. Be3
 cxd5  13. Bxb6  Qxb6
 14. Nxd5  Nxd5  15. Bxd5
 Rac8  16. b3  Be6
 17. Re2  Rc5  18. Rd2
 Qb4  19. Bxe6  fxe6
 20. c4  Rc6  21. Rd3
 Qc5  22. Qe2  Bd8
 23. Ra2  h6  24. Rad2
 Kh7  25. Nh2  Bg5
 26. Rd1  Rc7  27. Nf3
 Be7  28. g3  Rcc8
 29. Kg2  Rf7  30. Nh2
 Rcf8  31. Rf3  Bd8
 32. Rdd3  Bb6  33. Rxf7
 Rxf7  34. Rf3  Qc7
 1/2-1/2

[Event "PRAGUE OPEN 2019 - A - IM open"]
[Site "Praha, Olympik hotel"]
[Date "2019.01.12"]
[Round "2"]
[White "Kaderabek, Jiri"]
[Black "Cerveny, Petr"]
[Result "0-1"]
[BlackElo "2318"]
[WhiteElo "2130"]
[LiveChessVersion "1.4.8"]

1. e4  c5  2. Nf3  d6
 3. d4  cxd4  4. Nxd4
 Nf6  5. Nc3  a6 
6. Be2  e5  7. Nb3  Be7
 8. Bg5  Nbd7  9. O-O
 O-O  10. a4  b6 
11. Nd5  Bb7  12. Bxf6  Nxf6
 13. Nxf6+  Bxf6  14. Qd3
 d5  15. a5  dxe4
 16. Qe3  b5  17. Nc5
 Qc7  18. Nxe4  Be7
 19. Bf3  f5  20. Nd2
 e4  21. Qb3+  Kh8
 22. Be2  Bd6  23. h3
 Rae8  24. c4  e3
 25. fxe3  Bc5  0-1

[Event "PRAGUE OPEN 2019 - A - IM open"]
[Site "Praha, Olympik hotel"]
[Date "2019.01.12"]
[Round "2"]
[White "Pushkov, Nikolai"]
[Black "Proschmann, Tino"]
[Result "1/2-1/2"]
[BlackElo "2127"]
[WhiteElo "2309"]
[LiveChessVersion "1.4.8"]

1. Nf3  c5  2. c4  g6
 3. e4  Bg7  4. d4
 Qa5+  5. Bd2  Qb6
 6. Bc3  cxd4  7. Bxd4
 Bxd4  8. Qxd4  Qxd4
 9. Nxd4  d6  10. Nc3
 Nf6  11. Be2  Nc6
 12. O-O-O  Bd7  13. b3
 O-O  14. Kb2  a6
 15. f3  Rfb8  16. Rhe1
 Kf8  17. Bf1  Rd8
 18. Nc2  Rab8  19. a4
 a5  20. Ne3  Nb4
 21. Rd2  b6  22. g3
 h6  23. f4  Bc6 
24. Bg2  Nd7  25. Ned5  Bxd5
 26. Nxd5  Nxd5  27. exd5
 Nc5  28. Be4  Rb7
 29. Bc2  Kg7  30. Rde2
 Re8  31. Kc3  Kf6
 32. Kd4  Ra7  33. h4
 Kg7  34. h5  Kf6
 35. hxg6  fxg6  36. g4
 g5  37. Rf1  Kg7
 38. fxg5  hxg5  39. Rf5
 e5+  40. Ke3  Rh8
 41. Rxg5+  Kf8  42. Rh5
 Kg7  43. Rf2  Rxh5
 44. gxh5  Rd7  45. Rf5
 Rd8  46. Kf3  Rh8
 47. Rg5+  Kf7  48. Rg6
 Rxh5  49. Rxd6  e4+
 50. Bxe4  Rh3+  51. Kg4
 Nxe4  52. Rxb6  Rd3
 53. Rb5  Nd2  54. Rxa5
 Nxb3  55. Rb5  Nd2
 56. Rc5  Rd4+  57. Kf5
 Rxc4  58. Rxc4  Nxc4
 59. Ke4  Ke7  60. Kd4
 Na5  61. Kc5  Kd7
 62. Kb5  Nb3  63. Kb4
 Nd4  64. Kc4  Nf5
 65. Kc5  Kc7  66. a5
 Kb7  1/2-1/2

[Event "PRAGUE OPEN 2019 - A - IM open"]
[Site "Praha, Olympik hotel"]
[Date "2019.01.12"]
[Round "2"]
[White "Risch, Michel"]
[Black "Abdulla, Murad"]
[Result "0-1"]
[WhiteElo "2086"]
[BlackElo "2263"]
[PlyCount "44"]
[EventDate "2019.01.11"]

1. d4 Nf6 2. c4 g6 3. Nc3 d5 4. cxd5 Nxd5 5. e4 Nxc3 6. bxc3 Bg7 7. Nf3 c5 8.
Rb1 O-O 9. Be3 a6 10. Qd2 Qa5 11. Ne5 Bxe5 12. dxe5 Rd8 13. Qb2 Nc6 14. f4 Qa4
15. c4 Be6 16. Qb3 Qa5+ 17. Kf2 b5 18. f5 Bxc4 19. Bxc4 bxc4 20. Qxc4 Nxe5 21.
Qe2 Qa4 22. fxg6 hxg6 0-1

[Event "PRAGUE OPEN 2019 - A - IM open"]
[Site "Praha, Olympik hotel"]
[Date "2019.01.12"]
[Round "2"]
[White "Gomes, Mary Ann"]
[Black "Kucera, Tomas"]
[Result "1-0"]
[WhiteElo "2296"]
[BlackElo "1956"]
[PlyCount "45"]
[EventDate "2019.01.11"]

1. e4 e6 2. d3 d5 3. Qe2 dxe4 4. dxe4 b6 5. Nd2 Ba6 6. Nc4 Bc5 7. Bd2 Nf6 8.
O-O-O Qd4 9. f3 O-O 10. Bf4 Qxc4 11. Qxc4 Bxc4 12. Bxc4 c6 13. g4 b5 14. Be2
Na6 15. c3 Nb8 16. Nh3 a5 17. Rd3 Na6 18. Rhd1 Bb6 19. Rd6 Rfc8 20. Bxb5 e5 21.
Bxa6 Rxa6 22. Bxe5 Bc7 23. R6d3 1-0

[Event "PRAGUE OPEN 2019 - A - IM open"]
[Site "Praha, Olympik hotel"]
[Date "2019.01.12"]
[Round "2"]
[White "Eriksson, Christian Altenburg"]
[Black "Nguyen, Thai Dai Vinh"]
[Result "1-0"]
[WhiteElo "2177"]
[BlackElo "1914"]
[PlyCount "57"]
[EventDate "2019.01.11"]

1. e4 c5 2. c3 Nf6 3. e5 Nd5 4. Nf3 e6 5. Bc4 d6 6. exd6 Bxd6 7. d4 O-O 8. O-O
cxd4 9. Qxd4 Nc6 10. Qe4 Nce7 11. Bb3 Nf6 12. Qe2 Ned5 13. Rd1 Qc7 14. c4 Nf4
15. Bxf4 Bxf4 16. Nc3 a6 17. Bc2 g6 18. g3 Bh6 19. Qe5 Qxe5 20. Nxe5 b6 21. Rd6
Rb8 22. Rad1 Re8 23. Rd8 Bf8 24. Rxe8 Nxe8 25. Rd8 Nf6 26. Nc6 Ra8 27. Ne7+ Kg7
28. Rxc8 Rxc8 29. Nxc8 1-0

[Event "PRAGUE OPEN 2019 - A - IM open"]
[Site "Praha, Olympik hotel"]
[Date "2019.01.12"]
[Round "2"]
[White "Gurack, Daniel"]
[Black "Pavlicek, Petr"]
[Result "0-1"]
[WhiteElo "2068"]
[BlackElo "1895"]
[PlyCount "74"]
[EventDate "2019.01.11"]

1. e4 c5 2. Nf3 d6 3. d4 cxd4 4. Nxd4 Nf6 5. Nc3 a6 6. Bg5 e6 7. Qd2 Nbd7 8.
O-O-O Qc7 9. f4 b5 10. Bxf6 Nxf6 11. Bd3 Bb7 12. Rhe1 Be7 13. h3 h6 14. g4 Nd7
15. Kb1 O-O-O 16. Bxb5 axb5 17. Ndxb5 Qb6 18. Nxd6+ Bxd6 19. Qxd6 Qxd6 20. Rxd6
Nc5 21. Rxd8+ Rxd8 22. b4 Na6 23. a3 Nc7 24. Kc1 Rd4 25. f5 e5 26. h4 Bc6 27.
g5 h5 28. Re3 Nb5 29. Ne2 Rxe4 30. Rxe4 Bxe4 31. Ng3 Bf3 32. a4 Nd6 33. Kb2 f6
34. gxf6 gxf6 35. c3 Kc7 36. a5 Kc6 37. Kc2 Nxf5 0-1

[Event "PRAGUE OPEN 2019 - A - IM open"]
[Site "Praha, Olympik hotel"]
[Date "2019.01.12"]
[Round "2"]
[White "Kalveus, Jan"]
[Black "Pribyl, Viktor"]
[Result "0-1"]
[WhiteElo "1824"]
[BlackElo "2020"]
[PlyCount "60"]
[EventDate "2019.01.11"]

1. d4 Nf6 2. Bg5 Ne4 3. Bf4 d5 4. Nd2 Nf6 5. e3 Bf5 6. Ngf3 c5 7. dxc5 Nc6 8.
Nb3 Bg4 9. Bb5 e6 10. c3 Rc8 11. Nbd4 Bxf3 12. gxf3 Nh5 13. Be5 Nf6 14. Nxc6
bxc6 15. Ba6 Nd7 16. Bg3 Bxc5 17. Bxc8 Qxc8 18. Qd3 Nb6 19. b3 Ba3 20. O-O h5
21. Qd4 f6 22. h4 Kf7 23. Rab1 e5 24. Qd2 Qh3 25. e4 Bc5 26. Bh2 Rh6 27. Qxh6
gxh6 28. b4 Nc4 29. Rfd1 Ne3 30. fxe3 Bxe3+ 0-1

[Event "PRAGUE OPEN 2019 - A - IM open"]
[Site "Praha, Olympik hotel"]
[Date "2019.01.12"]
[Round "2"]
[White "Gokhale, Anupama"]
[Black "Aird, Ian"]
[Result "1-0"]
[WhiteElo "2009"]
[BlackElo "1830"]
[PlyCount "57"]
[EventDate "2019.01.11"]

1. d4 Nf6 2. c4 e6 3. g3 d5 4. Nf3 Bb4+ 5. Nbd2 O-O 6. Bg2 c6 7. O-O Nbd7 8.
Qc2 b6 9. e4 Bb7 10. Rd1 Rc8 11. e5 Ne8 12. Nf1 Be7 13. cxd5 cxd5 14. Qe2 Nb8
15. Ne1 Qd7 16. Bh3 Ba6 17. Qg4 Qb5 18. Nd3 Qc6 19. Nf4 Kh8 20. Ne3 Rc7 21. Bd2
Bc8 22. Rac1 Qb7 23. Bg2 Rxc1 24. Rxc1 Nc7 25. Nh5 Rg8 26. Qf4 Rf8 27. Nf6 Nd7
28. Neg4 Ne8 29. Nxe8 1-0

[Event "PRAGUE OPEN 2019 - A - IM open"]
[Site "Praha, Olympik hotel"]
[Date "2019.01.12"]
[Round "2"]
[White "Pycha, Patrik"]
[Black "Ruzicka, Filip"]
[Result "1-0"]
[WhiteElo "1998"]
[BlackElo "1771"]
[PlyCount "71"]
[EventDate "2019.01.11"]

1. e4 b6 2. Nc3 Bb7 3. d4 e6 4. Be3 Bb4 5. Bd3 Nf6 6. f3 d5 7. e5 Nfd7 8. a3
Be7 9. f4 Nc6 10. Qg4 Bf8 11. Nh3 Qe7 12. O-O O-O-O 13. Ne2 f5 14. exf6 Nxf6
15. Qg3 g6 16. Ng5 Kb8 17. Qh3 Bc8 18. Bxg6 Bg7 19. Bd3 Rdg8 20. Rae1 h6 21.
Nf3 Ne4 22. Bxe4 dxe4 23. Ne5 Bxe5 24. fxe5 Nd8 25. Rf6 Nf7 26. Qh5 Rh7 27. Ng3
Bb7 28. Ref1 Ng5 29. Rxh6 Rhg7 30. Rh8 Qd8 31. Rxg8 Qxg8 32. Bxg5 Rxg5 33. Qf7
Rxg3 34. hxg3 Qxg3 35. Qf8+ Bc8 36. Qf4 1-0

[Event "PRAGUE OPEN 2019 - A - IM open"]
[Site "Praha, Olympik hotel"]
[Date "2019.01.12"]
[Round "2"]
[White "Veselsky, Jan"]
[Black "Pipia, Ekaterine"]
[Result "0-1"]
[WhiteElo "1618"]
[BlackElo "1963"]
[PlyCount "44"]
[EventDate "2019.01.11"]

1. c4 c5 2. Nf3 Nc6 3. g3 g6 4. Bg2 Bg7 5. Nc3 Nf6 6. O-O O-O 7. a3 d6 8. h3
Be6 9. d3 a6 10. Ng5 Bf5 11. Rb1 Qc8 12. Kh2 h5 13. b4 h4 14. b5 axb5 15. g4
Bxg4 16. cxb5 Na5 17. Na4 Bh5 18. Nb6 Qf5 19. Nxa8 Rxa8 20. Qe1 Qe5+ 21. Kg1
Qxe2 22. Bd2 Qxd3 0-1

[Event "PRAGUE OPEN 2019 - A - IM open"]
[Site "Praha, Olympik hotel"]
[Date "2019.01.12"]
[Round "2"]
[White "Tobor, Mick"]
[Black "Zak, Jiri"]
[Result "1-0"]
[WhiteElo "1950"]
[BlackElo "1609"]
[PlyCount "65"]
[EventDate "2019.01.11"]

1. e4 b6 2. d4 Bb7 3. Nc3 e6 4. Nf3 Bb4 5. Bd3 Nf6 6. Qe2 d5 7. exd5 Nxd5 8.
Bd2 Nxc3 9. bxc3 Be7 10. O-O Nd7 11. Rfe1 Nf6 12. c4 Bxf3 13. Qxf3 O-O 14. Bc3
a5 15. d5 exd5 16. cxd5 Bb4 17. Bxb4 axb4 18. Red1 Qd6 19. Bc4 Rfe8 20. Re1 Qc5
21. Bb3 Re7 22. Rxe7 Qxe7 23. d6 Qe8 24. dxc7 Ra7 25. Qf4 Qd7 26. Qxb4 Qxc7 27.
Rd1 Ra8 28. Qd6 Qa7 29. Qd8+ Ne8 30. Qd7 Kf8 31. Bxf7 Qxd7 32. Rxd7 Rb8 33. Bb3
1-0

[Event "PRAGUE OPEN 2019 - B - FIDE open"]
[Site "Praha, Olympik hotel"]
[Date "2019.01.12"]
[Round "2"]
[White "Hadzala, Daniel"]
[Black "Otrubova, Kristyna"]
[Result "1-0"]
[WhiteElo "2023"]
[BlackElo "1694"]
[PlyCount "59"]
[EventDate "2019.01.11"]

1. Nf3 d5 2. g3 Nf6 3. Bg2 e6 4. O-O c5 5. d3 Nc6 6. Nbd2 b6 7. e4 Bb7 8. e5
Nd7 9. Re1 Qc7 10. Qe2 Be7 11. h4 O-O-O 12. c3 Ba6 13. a3 Rdg8 14. b4 g5 15.
hxg5 Bxg5 16. Rb1 Bxd2 17. Bxd2 Ne7 18. a4 h5 19. Bg5 Ng6 20. a5 Rh7 21. axb6
axb6 22. bxc5 bxc5 23. Ra1 Bb7 24. d4 c4 25. Reb1 Nb8 26. Ra7 Nc6 27. Raxb7
Qxb7 28. Rxb7 Kxb7 29. Nd2 Ra8 30. Nxc4 1-0

[Event "PRAGUE OPEN 2019 - B - FIDE open"]
[Site "Praha, Olympik hotel"]
[Date "2019.01.12"]
[Round "2"]
[White "Turp, Hueseyin"]
[Black "Rocks, Daniel"]
[Result "0-1"]
[WhiteElo "1652"]
[BlackElo "2022"]
[PlyCount "60"]
[EventDate "2019.01.11"]

1. d4 Nf6 2. Bf4 d5 3. e3 e6 4. Nf3 c5 5. c3 Qb6 6. Qb3 Qxb3 7. axb3 Nc6 8.
Nbd2 cxd4 9. exd4 Be7 10. Bd3 Nh5 11. Bg5 Bxg5 12. Nxg5 Nf4 13. Bf1 f6 14. Ngf3
e5 15. g3 Ng6 16. b4 exd4 17. cxd4 Nxb4 18. Bb5+ Bd7 19. Bxd7+ Kxd7 20. Kd1 a5
21. Nb3 b6 22. Kd2 Ne7 23. Rae1 a4 24. Kc3 Nec6 25. Nc1 Rac8 26. Ne2 Ne5+ 27.
Kxb4 Nxf3 28. Rd1 Rc4+ 29. Kb5 Rhc8 30. b3 R8c5+ 0-1

[Event "PRAGUE OPEN 2019 - B - FIDE open"]
[Site "Praha, Olympik hotel"]
[Date "2019.01.12"]
[Round "2"]
[White "Pflantz, Mike"]
[Black "Pyzio, Amelia"]
[Result "0-1"]
[WhiteElo "1984"]
[BlackElo "1646"]
[PlyCount "94"]
[EventDate "2019.01.11"]

1. d4 d5 2. c4 e6 3. Nc3 Nf6 4. cxd5 exd5 5. Bg5 Bb4 6. e3 h6 7. Bh4 Qd6 8. f3
O-O 9. Bd3 Re8 10. Qd2 Nc6 11. Nge2 Na5 12. O-O c5 13. b3 b6 14. Bf2 Bb7 15.
Rfb1 Nc6 16. a3 Ba5 17. Qb2 Bxc3 18. Qxc3 Rac8 19. Qb2 Nb8 20. Bf5 Nbd7 21. Rd1
g6 22. Bh3 Qe7 23. Nf4 Rc7 24. Re1 Rec8 25. Rac1 cxd4 26. Rxc7 Rxc7 27. exd4
Qf8 28. Nd3 Qc8 29. Rc1 Rxc1+ 30. Nxc1 Qc6 31. Nd3 Ba6 32. Nb4 Qb5 33. Nxa6
Qxa6 34. Be3 Kg7 35. g3 Nf8 36. Bf1 Qc8 37. Qd2 h5 38. Qb2 Ne6 39. Bc1 Nxd4 40.
Be3 Nxf3+ 41. Kg2 Qc2+ 42. Qxc2 Ne1+ 43. Kg1 Nxc2 44. Bc1 Kf8 45. Bb2 Ke7 46.
Kf2 Ng4+ 47. Ke2 Nce3 0-1

[Event "PRAGUE OPEN 2019 - B - FIDE open"]
[Site "Praha, Olympik hotel"]
[Date "2019.01.12"]
[Round "2"]
[White "Kuhnmund, Ivan"]
[Black "Ambrozi, Peter"]
[Result "0-1"]
[WhiteElo "1650"]
[BlackElo "1976"]
[PlyCount "44"]
[EventDate "2019.01.11"]

1. e4 c5 2. g3 Nc6 3. Bg2 g6 4. c3 e5 5. Ne2 Bg7 6. O-O Nge7 7. a4 O-O 8. Na3
d5 9. exd5 Nxd5 10. d3 Be6 11. Nc4 Qd7 12. Ne3 Rad8 13. Qc2 b6 14. Rd1 Nde7 15.
b3 Na5 16. Rb1 f5 17. b4 cxb4 18. cxb4 Rc8 19. Qb2 Nb3 20. Qa3 Nxc1 21. Rbxc1
f4 22. Rxc8 Nxc8 0-1

[Event "PRAGUE OPEN 2019 - B - FIDE open"]
[Site "Praha, Olympik hotel"]
[Date "2019.01.12"]
[Round "2"]
[White "Ocelak, Jakub"]
[Black "Lachmair, Erwin"]
[Result "1-0"]
[WhiteElo "1644"]
[BlackElo "1961"]
[PlyCount "49"]
[EventDate "2019.01.11"]

1. d4 Nf6 2. Bg5 e6 3. g3 d5 4. Bg2 c5 5. c3 Nc6 6. Nf3 Bd7 7. O-O h6 8. Bf4 g5
9. Be5 Nxe5 10. Nxe5 Bd6 11. f4 g4 12. Nd2 h5 13. e4 Bc6 14. Nxc6 bxc6 15. e5
cxd4 16. cxd4 Qb6 17. Nb3 c5 18. exd6 c4 19. Nc5 Qxb2 20. Re1 Qb6 21. f5 O-O-O
22. Rb1 Qxd6 23. fxe6 h4 24. Re5 hxg3 25. hxg3 1-0